000 00921nam a2200253Ia 4500
003 OSt
005 20220923222221.0
006 a|||||r|||| 00| 0
007 ta
008 ORI
024 _a203,789
037 _cTextual
040 _aARTS
_cARTS
_bORI
041 _2ORI
_aORI
082 _aO1591,3M43,CB, 152K7;M1
100 _aसेनापति, फकीरमोहन; नवलपुरी, युगजीत, अनु.
_9166357
245 0 _aछै बीघा जमीन
246 _aChhai bīghā jamīna
260 _aनई दिल्ली
_b साहित्य अकादमी
_c1981
300 _a154पृ0
_ccm.
650 _aउड़िया साहित्य
_9156264
942 _hO1591,3M43,CB, 152K7;M1
_cTEXL
_2CC
999 _c354539
_d354539